Представление документа в формате MARC21

Поле Инд. ПП Название Значение
Тип записи a
Библиографический уровень m
001 Контрольный номер 4f229a98d4144154b3184e8c07344fe7
005 Дата корректировки 20260422152638.3
020 a ISBN 978-5-903311-68-2
040 a Служба первич. каталог. НБ ТвГУ
b Код языка каталог. rus
e Правила каталог. PSBO
041 0_ a Код языка текста rus
080 a Индекс УДК 94(470):358.4
080 a Индекс УДК 929 Голованов Александр
084 a Индекс другой классификации/Индекс ББК Т3(2)622-8
090 a Полочн. индекс Т3(2)622
x Авторский знак Г 61
097 b Оператор Semenova.ZR
245 10 a Заглавие Александр Голованов. Война и мир Главного маршала авиации
n Номер части/ раздела Т. 2
b Продолж. заглавия сборник документов и материалов : в 2 томах
c Ответственность составители: А. Е. Голованова и др.
246 03 a Другая форма заглавия Война и мир Главного маршала авиации
260 c Дата издания 2025
a Место издания Москва
b Издательство Астрея-центр
300 a Объем 651, [2] с., [36] л. ил., портр., цв. ил., портр.
b Иллюстрации/ тип воспроизводства ил., портр.;
500 a Примечание На авантит.: Посвящается 80-летию Победы в Великой Отечественной войне
520 0_ a Аннотация Второй том книги о судьбе А. Е. Голованова дает портрет выдающегося человека, русского самородка из нижнего Новгорода, на фоне великой трагической эпохи. О Главном маршале вспоминают его жена, дочь и внучка, друзья. Белых пятен в его биографии становиться меньше. Не так давно по заказу дочери Главного маршала и его внучки специалисты по генеалогии провели исследование о роде Головановых в фондах Государственного архива РФ. Результаты впервые публикуются в этой книге. Открывают том интересно и художественно написанные воспоминания А. Е. Голованова о том, как он и его поколение авиаторов учились летать. Сам М. А. Шолохов считал Главного маршала писателем большого таланта. О стиле руководства Главного маршала, его кадровой политике, подходе к людям, причинах опалы размышляют писатели, журналист, читатели. Размышления основываются на солидной архивной базе. Впервые публикуются отчет А. Е. Голованова о поездке во Францию в 1936 г., а также сотни фотографий. Как показывает жизнь А. Е, Голованова, выдающийся руководитель способен радикально и быстро, за считанные месяцы, изменить положение в порученном ему деле. Без поиска и выдвижения таких лидеров успеха не может быт ни на войне, ни в ходе каких-либо преобразований в обществе.
653 0_ a Ключевые слова История России
a Ключевые слова Голованов Александр Евгеньевич
a Ключевые слова Маршалы авиации
a Ключевые слова Герои Великой Отечественной войны
a Ключевые слова Краеведение
700 12 a Другие авторы Голованова Александра Евгеньевна
e Роль лиц Составитель
700 12 a Другие авторы Голованова Ольга Александровна
e Роль лиц Составитель
700 12 a Другие авторы Тимофеев Алексей Викторович
e Роль лиц Составитель
901 t Тип документа m
920 a Оператор Семен
a Оператор Петр
930 a Новая/Ретро новая
952 c Вид литературы К рн
954 b Дата поступления в ОК 20260421
a Дата поступления на обработку 20260422
c Дата окончания ОНО 20260422